MDQL
is popping MORE tags! Check the
thread
!
Quizzes
Events
Quiz Creation
Community
Videos
Private Events
Remove Ads
Sign In
Join for FREE
Feedback
Dark Mode
Quiz Categories
Sports
Geography
Music
Movies
Television
Just For Fun
Miscellaneous
History
Literature
Language
Science
Gaming
Entertainment
Religion
Holiday
For Kids
Quiz Lab
Recent
Popular Today
Quiz Kudos Today
Editor Picks
Curator Picks
Quizzes by...
Day
Popularity
Type
Ratings
Length
Year
Community
Subscriptions
Recent Discussions
Orange Saloon
Badges
Playlists
Quests
Create
Leaderboards
Showdown
Live 5
Trivia Bingo
Activity
Puzzle Library
Sporcle Events
Private Events
Virtual Trivia
Globe League
Become a Host
Pub Owners
SporcleCon
Opinionation
Our Games
Videos
Blog
Mobile Apps
Partnerships
Remove Ads and Go Orange
Feedback
Television
TV Characters
TV Show
Sitcom
Network
Friends
Reality Shows
Cast
South Park
Star Trek
The Simpsons
Doctor Who
Television
TV Characters
TV Show
Sitcom
Network
Friends
Reality Shows
Cast
South Park
Star Trek
The Simpsons
Doctor Who
Random Quiz
Search Sporcle
×
Quiz Lab
Quiz Lab
Television
Survivor
Type in answers that appear in a list
Type in answers that appear in a list
Classic
Best Score? Go Orange.
Survivor Contestants' Names Beginning with B Stats
Can you name the Survivor Contestants' Names Beginning with B?
By
Raparperi
5m
32 Questions
1,414 Plays
1,414 Plays
1,414 Plays
Comments
Comments
Give Quiz Kudos
Give Quiz Kudos
-
- Ratings
hide this ad
More Info
Replay
Link that replays current quiz
Next Quiz
Link to next quiz in quiz playlist
You Got
0%
They Got
Avg Score
80%
Avg Friend Score
Upgrade to see
Score Distribution
Jump to the score distribution portion of the page
Score
0/32
Timer
05:00
0
Plays Today
Season
Name
% Correct
Gabon
Bob Crowley
96.3%
Panama
Bobby Mason
93.7%
Blood vs Water
Brad Culpepper
92.6%
Palau/
Guatemala
Bobby Jon Drinkard
91.7%
Samoa
Ben Browning
91.7%
Cook Islands
Brad Virata
91.1%
Guatemala
Brandon Bellinger
91.1%
South Pacific
Brandon Hantz
91.1%
Africa
Brandon Quinton
91.1%
Nicaragua
Brenda Lowe
90.9%
Guatemala
Brian Corridan
90%
Thailand
Brian Heidik
90%
One World
Bill Posley
89.8%
Millennials vs Gen X
Bret LaBelle
88.7%
Borneo
BB Andersen
88.3%
San Juan del Sur
Baylor Wilson
86.4%
Season
Name
% Correct
Cook Islands
Billy Garcia
86.4%
Tocantins
Brendan Synnott
85.5%
Cook Islands
Becky Lee
83.4%
Samoa
Brett Clouser
83.4%
Nicaragua
Ben 'Benry' Henry
81.9%
Pearl Islands
Burton Roberts
81.4%
Amazon
Butch Lockley
79.9%
Cagayan
Brice Johnston
79.5%
Fiji
Boo Bernis
79.1%
Panama
Bruce Kanegai
79%
Vanuatu
Brook Geraghty
74.1%
Samoa
Betsy Bolan
71.5%
Guatemala
Brianna Varela
71.4%
Guatemala
Brooke Struck
70.9%
Vanuatu
Brady Finta
70.2%
Guatemala
Blake Towsley
68.9%
Quiz Playlist
Details
Report
Send in Message
Add To Playlist
More Info:
Using names in the intros, so ex. Benjamin 'Coach' Wade isn't in this.
Classic:
Type in answers that appear in a list
Quiz Source
Last Updated: Feb 16, 2017
Quiz Scoreboard
CHALLENGE
Sign Up to Join the Scoreboard
Show All
Scores
Hide
Comments
May contain spoilers
Recently Published
Street Fighter Characters
by Artimus82
Gaming
60s
9x9 Crossword: Cartoon Network
by jackfrog10
Miscellaneous
3m
College Basketball Coaching Resumes
by pancakes188
Sports
9m
More to Explore
Quiz From the Vault
Featured Blog Post
Where Did the Easter Bunny Come From?
hide this ad
You Might Also Like...
Tags
Survivor
Today's Top Quizzes in Television
Browse Television
hide this ad
Today's Top Quizzes in Survivor
Browse Survivor
Top Contributed Quizzes in Television
1
5-to-1: The Simpsons Families
2
Adjectives in 80s TV Shows
3
Adjectives in 00s TV Shows
4
Survivor Journey Challenge
5
5-to-1: Television Doctors
6
7-to-1: TV Show Settings
7
Adjectives in 10s TV Shows
8
5-to-1: Streaming Originals
9
Survivor Seasons
10
Adjectives in 70s TV Shows
Explore More
Trending Topics
Anime
Disney
Harry Potter
Crossword
NBA
Kpop
Marvel
Country
Pokémon
WWE
NFL
Soccer
Song
Puzzle
The Office
hide this ad
More By:
Raparperi
Quiz
Plays
Rating
Category
Featured
Created
Survivor Contestants' Names Beginning with K
1,416
4.40
Television
Mar 7, 2012
Survivor Contestants' Names Beginning with B
1,414
5.00
Television
Feb 18, 2012
Finnish and English names matching
1,378
4.75
Language
Mar 7, 2016
Survivor Contestants' Names Beginning with M
1,210
5.00
Television
Feb 18, 2012
Survivor Contestants' Names Beginning with R
974
5.00
Television
Feb 18, 2012
Go to Creator's Profile
Score Distribution
Quiz Creator Spotlight
Raparperi
Follow
Send a Message
Quizzes Created
-
Created Quiz Play Count
-
More By This Creator
Popular Quizzes Today
1
Find the US States - No Outlines Minefield
2
Find the Countries of Europe - No Outlines Minefield
3
The Countries of the World
4
Find the US States
5
Risky Map Clicking: Biggest States A-Z
6
US States
7
Popular People in 1961
8
Movies - When Are They Set?
More Television Quizzes
9 Fictional British TV Characters II
Published
Trending Quizzes
Risky Map Clicking: Least Populous States A-Z
Countries of the World: 200 Million BC
Billboard Blitz: Aretha Franklin
1-10 Letter G Words
Famous Russians: Author or Composer?
Recently Updated
Leaping Animals
pecheneg
Reality TV Shows (A-Z)
bhenderson79
Rickey Henderson's Hall of Fame Teammates
pecheneg
Champions League XIs: Arsenal
pecheneg
Quick Pick: Celebrities in WWE's Hall of Fame
aduchscher
A-Z Keypad Blitz II
pecheneg
Multiple Oscar Actors
pecheneg
Mystery Phrase Blitz: Oscar 'Best Actors'
pecheneg
F. Scott Fitzgerald Novels
LTH
Pick 3 Villains
ddd62291
Trending Topics
Harry Potter
Anime
Marvel
Disney
Kpop
NBA
Crossword
NFL
Country
Pokémon
The Office
Song
Puzzle
Soccer
WWE
Your Account Isn't Verified!
In order to create a playlist on Sporcle, you need to verify the email address you used during registration. Go to your
Sporcle Settings
to finish the process.
Report this User
Report this user for behavior that violates our
Community Guidelines
.
Details:
Send Report
Go to the Sporcle.com Mobile Site →
Comments